000 00241nam a2200109Ia 4500
008 190216s9999||||xx |||||||||||||| ||und||
100 _aAjit Singh
245 0 _aHindi-Pather Ki Ang
260 _bSanthosh Pub
650 _aHindi
942 _cBK
999 _c15556
_d15556